Oxford advanced learner's dictionary of current English

Bibliographic Details
Main Author: Hornby, A. S. (Author)
Other Authors: Wehmeier, Sally (Editor)
Format: Book
Language:English
Published: Oxford : Oxford University Press 2000
Edition:Sixth edition
Subjects:

MARC

LEADER 00000cam a2200000 7i4500
001 0000008479
005 20240913.0
008 231026 enk eng
020 |a 0194315509 
040 |a INS   |b eng   |e rda 
090 0 0 |a RPE1628   |b .H67 2000 
100 1 |a Hornby, A. S. ,   |e author 
245 1 0 |a Oxford advanced learner's dictionary of current English   |c A. S. Hornby   |f edited by Sally Wehmeier 
250 |a Sixth edition 
264 1 |a Oxford :   |b Oxford University Press   |c 2000 
264 4 |c ©2000 
300 |a 1600 pages ;   |c 22 cm. 
336 |a text  |2 rdacontent 
337 |a unmediated  |2 rdamedia 
338 |a volume  |2 rdacarrier 
650 0 |a English language   |x Dictionaries 
700 1 |a Wehmeier, Sally ,   |e editor 
999 |a 0000008058   |b BOOK   |c Red Spot   |e Default branch 
999 |a 0000011992   |b BOOK   |c Red Spot   |e Default branch